00919nam a2200169 i 4500001000700000003000900007005001700016008004100033100002800074245022100102260006000323300002100383650003600404711003200440852017700472852010000649164264ES-MaACL20230906212914.0931025s1877 sp |||| | spa d1 aSáenz Díez, Manuel.10aAguas termo-alcalinas ferruginosas bicarbonatadas nitrogenadas (variedad litínicas) de Urberuaga de Alzola (Guipúzcoa) b: analisis y virtudes medicinales / cpor... Manuel Saenz Diez y Jose Maria Hernandez Sanz. aMadrid : b[s.n.], c1877 (fImp. de Gregorio Hernando) a44 p. ; c21 cm. aAguas minerales-zPaís Vasco.21aHernandez Sanz, Jose Maria. aES-MaACLjT-470-F-14 z-- Enc. hol. q-- Falto de la cub. originalz-- Enc. en un vol. facticio z.-Dedicatoria manuscrita de Gustavo Saenz Diez a "Los Escolares Médicos" aES-MaACLjT-341-F-5 z-- Enc. hol. q-- Falto de la cub. original z-- Enc. en un vol. facticio